El Asesoramiento cambiario del FMI sobre el tapete

Na minha lista:
Detalhes bibliográficos
Formato: Texto
Assuntos:
Tags: Adicionar Tag
Sem tags, seja o primeiro a adicionar uma tag!

MARC

LEADER 00000 a a2200000 04500
001 8145
003
040
245 |a El Asesoramiento cambiario del FMI sobre el tapete  
650 |a TIPO DE CAMBIO  
650 |a INSTITUCIONES FINANCIERAS  
773 |g volumen 36; páginas 131-134  
999 |c 34011  |d 34011